000 00615nam a2200241 a 4500
001 0001-1134
003 ELIB.Books
008 150504 2010 eng
020 _aKBTS
035 _a(ELIB.Books)0001-1289
092 _a223.06
_b Sco
100 _aScott, R. B. Y.
245 _aThe Way of Wisdom in the Old Testament
260 _aNew York
_bMacmillan Company
_c1971
300 _a238
_c20.3 Cm
500 _aC/o Moe Lwei
650 _aWisdom Literature
856 _nKBTS: Library
_uKBTS: Elib
942 _2ddc
_cBK
990 _a1
998 _cbat
_e2015-05-04
999 _c11134
_d11134